Films dont le titre commence par un L (3) - Version facile - Statistiques

Statistiques générales
  • Ce quiz a été pris 17 fois
  • Le résultat moyen est 12 sur 30
Statistiques - réponses
Année Réalisateur Genre 1 acteur ou
1 actrice
Titre Indice facile % Correct
1981 J. Girault Comédie Louis de Funès La soupe aux choux soupe
87%
1988 E. Chatilliez Comédie Benoît Magimel La vie est un long fleuve tranquille long
87%
1980 C. Pinoteau Comédie romantique Sophie Marceau La Boum *
80%
1966 G. Oury Comédie Bourvil La grande vadrouille grande
80%
1959 H. Verneuil Comédie Fernandel La Vache et le Prisonnier vache
80%
1986 S. Spielberg Drame Whoopi Goldberg La couleur pourpre couleur
67%
1981 J-J Annaud Aventures Everett McGill La Guerre du feu feu
67%
1958 H. Decoin Drame Bernard Blier La Chatte *
60%
1958 R. Brooks Drame psychologique Elizabeth Taylor La chatte sur un toit brulant toit
60%
1939 J. Ford Western John Wayne La chevauchée fantastique fantastique
60%
1960 F. Fellini Drame psychologique Marcello Mastroianni La dolce vita La
60%
1973 M. Ferreri Comédie dramatique Marcello Mastroianni La grande bouffe grande
60%
1974 J. Guillermin Drame Steve McQueen La tour infernale tour
53%
1988 J-J Annaud Aventures Tchéky Karyo L'Ours *
53%
1968 G. Romero Fantastique John Russo La nuit des morts vivants morts
47%
1969 J. Deray Drame psychologique Alain Delon La Piscine *
47%
1971 Lo Wei Karaté Bruce Lee La fureur de vaincre vaincre
33%
1978 C. Zidi Comédie Annie Girardot La Zizanie *
27%
1948 A. Hitchcock Drame psychologique James Stewart La Corde *
13%
1964 F. Fellini Drame psychologique Anthony Quinn La Strada *
13%
1981 A. Wajda Drame Jerzy Radziwilowicz L'homme de fer fer
13%
1977 F. Truffaut Comédie dramatique Charles Denner L'homme qui aimait les femmes homme
13%
1985 J. Huston Policier Jack Nicholson L'honneur des Prizzi honneur
13%
1967 C. Chaplin Comédie Marlon Brando La comtesse de Hong-Kong comtesse
7%
1980 M. Bolognini Drame Gian Maria Volonte La dame aux camélias dame
7%
1955 H. Hawks Peplum Jack Hawkins La terre des pharaons terre
7%
1982 P. Schoendoerffer Drame Jacques Perrin L'honneur d'un capitaine capitaine
7%
1978 G. Oury Comédie Pierre Richard La Carapate *
0%
1983 Ph. Labro Policier Claude Brasseur La Crime *
0%
1948 R. Siodmak Policier Victor Mature La Proie *
0%
Aucun quiz correspondant
Distribution des résultats
% des personnes avec chaque résultat
Percentile par nombre de réponses
Votre historique - résultats
Vous n’avez pas pris ce quiz